UBT Library

Rules for writers / (Record no. 47310)

000 -LEADER
fixed length control field 00578cam a2200217 a 4500
001 - CONTROL NUMBER
control field 13080975
005 - DATE AND TIME OF LATEST TRANSACTION
control field 20180824062629.0
008 - FIXED-LENGTH DATA ELEMENTS--GENERAL INFORMATION
fixed length control field 030204s2004 mau 001 0 eng
010 ## - LIBRARY OF CONGRESS CONTROL NUMBER
LC control number 2003101699
020 ## - INTERNATIONAL STANDARD BOOK NUMBER
International Standard Book Number 0312406851 (pbk.)
035 ## - SYSTEM CONTROL NUMBER
System control number (DLC) 2003101699
040 ## - CATALOGING SOURCE
Original cataloging agency DLC
Transcribing agency DLC
Modifying agency DLC
041 ## - LANGUAGE CODE
Language code of text/sound track or separate title eng
080 ## - UNIVERSAL DECIMAL CLASSIFICATION NUMBER
Universal Decimal Classification number 37
100 1# - Rafti
Rafti 47
101 ## - Shkurtesa
Shkurtesa edu
245 10 - TITLE STATEMENT
Title Rules for writers /
Statement of responsibility, etc Diana Hacker.
906 ## - LOCAL DATA ELEMENT F, LDF (RLIN)
a 7
b cbc
c orignew
d 3
e epcn
f 20
g y-gencatlg
942 ## - ADDED ENTRY ELEMENTS (KOHA)
Source of classification or shelving scheme
Item type Books
Holdings
Withdrawn status Lost status Source of classification or shelving scheme Damaged status Not for loan Collection code Permanent location Current location Shelving location Date acquired Total Checkouts Full call number Barcode Date last seen Price effective from Koha item type
          Koleksioni i përgjithshem UBT - Lipjan UBT - Lipjan Koleksioni i përgjithshem 08/24/2018   37 HAC 002-3011260 08/24/2018 08/24/2018 Books
UBT Library © 2015-2024. All rights reserved University Education for Business and Technology